000 00252nam a22000977a 4500
020 _a0072546468
050 _aQA 154.2 .D84 2004
100 _aMARK DUGOPOLSKI
245 _aINSTRUCTORS SOLUTION MANUAL TO ACCOMPANY INTERMEDIATE ALGEBRA
942 _2lcc
_cGEN
999 _c12111
_d12111